00428nam a2200109Ia 4500008004100000100002700041245009000068260006900158300001100227650001200238856006800250160712s9999 xx 000 0 und d aSicat-Cleto, Ma. Luna. cMa. Luna Sicat-CletoaAng Birtud ng Talinghaga sa Buhay at Akda ni Cirilo F. Bautista c2015bLikhaan: The Journal of Contemporary Philippine Literature avol. 9 xPANAYAM uhttp://journals.upd.edu.ph/index.php/lik/issue/view/539/showToc